banner-ar

THE NON - ALIGNED, THE UN, AND THE SUPERPOWERS / (Record no. 8197)

MARC details
000 -الفاتح
حقل البيانات ثابتة الطول 00858nam a2200241Ia 4500
008 - عناصر البيانات ثابتة الطول - معلومات عامة
حقل البيانات ثابتة الطول 140319s9999 xx 000 0 eng d
020 ## - الرقم الدولى المعيارى للكتب
الرقم الدولى المعيارى للكتاب 0275926400
040 ## - مصدر الفهرسة
وكالة الفهرسة الأصلية GCL /
وكالة النسخ GCL
082 04 - رقم تصنيف ديوى العشرى
رقم التصنيف 327.091716
رقم المادة J N
100 1# - المدخل الرئيسى - إسم شخصى
الإسم الشخصى JACKSON, RICHARD L.
245 10 - بيان العنوان
العنوان THE NON - ALIGNED, THE UN, AND THE SUPERPOWERS /
بيان المسئوليه,etc JACKSON, RICHARD L.
700 1# - المدخل الاضافى - اسم شخصى
الإسم الشخصى NEWSOM, DAVID D
260 ## - PUBLICATION, DISTRIBUTION, ETC. (IMPRINT)
تاريخ النشر أو التوزيع 1983
300 ## - الوصف المادى
التعداد 23 CM ؛
أبعاد الوعاء 315 P
650 04 - المدخل الاضافى بالموضوع-مصطلح موضوعى
مصطلح موضوعي UNITED NATIONS
650 04 - المدخل الاضافى بالموضوع-مصطلح موضوعى
مصطلح موضوعي UNITED STATES - FOREIGN RELATIONS
650 04 - المدخل الاضافى بالموضوع-مصطلح موضوعى
مصطلح موضوعي UNITED STATES - FOREIGN RELATIONS - DEVELOPING COUNTRIES
650 04 - المدخل الاضافى بالموضوع-مصطلح موضوعى
مصطلح موضوعي DEVELOPING COUNTRIES - FOREIGN RELATIONS - UNITED STATES
650 04 - المدخل الاضافى بالموضوع-مصطلح موضوعى
مصطلح موضوعي SOVIET UNION - FOREIGN RELATIONS - DEVELOPING COUNTRIES
650 04 - المدخل الاضافى بالموضوع-مصطلح موضوعى
مصطلح موضوعي DEVELOPING COUNTRIES - FOREIGN RELATIONS - SOVIET UNION
942 ## - عناصر المدخل الإضافي( كوها)
مصدر التصنيف او مخطط الترفيف Dewey Decimal Classification
Koha [default] item type كتاب
260 ## - PUBLICATION, DISTRIBUTION, ETC. (IMPRINT)
-- نيويورك :
-- PRAEGER PUBLISHERS ،
Holdings
حالة التراجع حالة الفقد حالة تلف ليس للاعارة المكان المؤقت الموقع الحالى تاريخ الاكتساب اجمالي اﻻعارات رقم الطلب الباركود تاريخ اخر مشاهدة تاريخ تفعيل السعر نوع وعاء كوها
        مكتبة القاهرة الكبرى مكتبة القاهرة الكبرى 03/26/2014   327.091716\J N 16996 03/26/2014 03/26/2014 كتاب
        مكتبة القاهرة الكبرى مكتبة القاهرة الكبرى 03/26/2014   327.091716\J N 16997 03/26/2014 03/26/2014 كتاب

Powered By

EGPV